000 00987ncm a2200289 a 4500
003 MX-MxUPN
005 20240429164959.0
008 030930s1991 mx opl r 000 spa d
020 _a9683618731
035 _aUPN01000129373
040 _aMX-MxUPN
_bspa
041 0 _aspa
050 4 _aM1500
_bJ56 1991
100 1 _951772
_aJiménez Mabarak, Carlos,
_d1916-1994
_4composición
245 1 3 _aLa Güera :
_bópera en tres actos
246 1 3 _aLa güera :
_bópera en tres actos y cuatro cuadros
250 _aPrimera edición
260 _aMéxico :
_bUniversidad Nacional Autónoma de México,
_c1991.
300 _a1 partitura (234 páginas)
490 0 _aColección de Música Sinfónica Mexicana
600 1 0 _951771
_aRodríguez de Velasco y Osorio, María Ignacia,
_d1778-1851
650 4 _951774
_aOperas
_vPartituras
700 1 _951773
_aAlejandro, Julio,
_d1906-1995
_4libreto
902 _bVíctorGodínez/290424
942 _2lcc
_cLIBRO
999 _c101545
_d101545